19 Ways Not to 'Park' Quiz Stats

Quiz Updated Feb 8, 2016

Challenge
Share
Tweet
Embed
Score 0/19 Timer 01:30
4 Plays Today
% Correct
Lark
96.3%
Bark
95.8%
Dark
95.3%
Mark
95.1%
Perk
94.8%
Pork
93.6%
Hark
88.4%
Nark
85%
Cark
84.9%
Sark
80.4%
% Correct
Part
78.1%
Wark
77.9%
Pard
72.1%
Pare
71.9%
Pack
71.6%
Pars
65.5%
Para
64.4%
Parr
49.3%
Paik
29.3%

You're not logged in!

Compare scores with friends on all Sporcle quizzes.
Sign Up with Email
OR
Log In

You Might Also Like...

Show Comments

Extras

Top Quizzes Today


Score Distribution

Your Account Isn't Verified!

In order to create a playlist on Sporcle, you need to verify the email address you used during registration. Go to your Sporcle Settings to finish the process.